El libro de un hombre solo

Gardado en:
Detalles Bibliográficos
Autor Principal: Gao, Xingjian (Author)
Formato: Libro
Idioma:Lingua castelá
Publicado: Buenos Aires Planeta 2002
Edición:2a. ed
Series:Colección Etnicos del Bronce, 26
Subjects:
Tags: Engadir etiqueta
Sen Etiquetas, Sexa o primeiro en etiquetar este rexistro!

MARC

LEADER 00000nam a2200000 a 4500
001 UCL6840
003 CL-VaPUC
008 040423e20020000AG |||||||||||||||||spa|d
020 |a 9872018901 
082 0 4 |a 895.13  |b GAO  |2 21 
100 |a Gao, Xingjian  |e author  |9 484470 
245 1 3 |a El libro de un hombre solo 
250 |a 2a. ed 
300 |a 540 p 
942 |c BK 
945 |d 20040423 00:00:00  |a cmena 
260 |a Buenos Aires  |b Planeta  |c 2002 
650 7 |a NOVELAS CHINAS  |2 CL-VaPUC  |9 352596 
650 7 |a LITERATURA CHINA  |2 CL-VaPUC  |9 352595 
583 |a last modification  |c 20040423 00:00:00  |k Rodrigo Vera 
490 0 |a Colección Etnicos del Bronce, 26 
999 |c 308726  |d 308724 
952 |0 0  |1 0  |4 0  |6 895_130000000000000_GAO_2002  |7 0  |8 A  |9 375527  |a BIBEDU  |b BIBEDU  |d 2019-11-21  |i 4000951  |o 895.13 GAO 2002  |p 4000951  |r 2019-11-21  |w 2019-11-21  |y BK  |k LIT